Personajes de Disney - 3 - Estadísticas

Estadísticas generales
  • Esta prueba ha sido intentada 4.761 veces
    4.738 desde el último reinicio
  • La puntuación promedio es 13 de 20
Estadísticas de respuestas
Imagen Respuesta % Correcto
Buzz Lightyear
94%
Pluto
94%
Rayo McQueen
91%
WALL-E
86%
Úrsula
84%
Jasmín/Jasmine
83%
Stitch
79%
Mérida
78%
Gastón
75%
Mudito / Tontín
75%
Nala
73%
Luca
65%
Sullivan
63%
Príncipe Eric
57%
Violeta Parr
57%
Remy
54%
Jane Porter
53%
Mirabel Madrigal
42%
Toby
29%
Lewis
12%
No se encontraron pruebas coincidentes
Distribución de puntuación
Porcentaje de gente con cada puntuación
Porcentaje por número respondido
Historial de tus puntuaciones
No has intentado esta prueba desde el último reinicio